Llwytho...
Neruthayude ormakkurippukal /
| Prif Awdur: | |
|---|---|
| Fformat: | Printed Book |
| Cyhoeddwyd: |
Thrissur :
Green books,
2005.
|
| Pynciau: |
| LEADER | 00462nam a22001337a 4500 | ||
|---|---|---|---|
| 020 | |a 8188582794 | ||
| 082 | |a 923 |b NER.N | ||
| 100 | |a Nerutha | ||
| 245 | |a Neruthayude ormakkurippukal / |c by Nithya Chaithanya Yathi | ||
| 260 | |a Thrissur : |b Green books, |c 2005. | ||
| 650 | |a Autobiography - Nerutha | ||
| 942 | |c BK | ||
| 999 | |c 315109 |d 315109 | ||
| 952 | |0 0 |1 0 |4 0 |6 923_000000000000000_NER_N |7 0 |8 MAL |9 337010 |a POL |b POL |c GEN |d 2020-11-27 |l 0 |o 923 NER.N |p POL19975 |r 2020-11-27 |w 2020-11-27 |y BK | ||